| 000 | 00808cab a2200253 4500 | ||
|---|---|---|---|
| 001 | ABS56168 | ||
| 008 | 090401t1996 xxu||||| |||| 00| 0 eng d | ||
| 035 | _a(Sirsi) u21694 | ||
| 041 | _aeng | ||
| 100 | _aPoole, A.L. | ||
| 245 | _aBuilding surveys of residential property - the new guidance note | ||
| 260 | _c1996 | ||
| 350 | _a0 | ||
| 490 |
_aStructural Survey _v14(4) 1996, 29-31(3) |
||
| 520 | _aDiscusses the new RICS "Building surveys of residential property - a guidance note", and associated "Model conditions of engagement". | ||
| 650 | _aBUILDING SURVEYS | ||
| 650 | _aGUIDANCE NOTES | ||
| 650 | _aMODEL CONDITIONS OF ENGAGEMENT | ||
| 650 |
_aRESIDENTIAL PROPERTY _96266 |
||
| 650 | _aRICS | ||
| 690 | _aBUILT ENVIRONMENT-BUILDING INSPECTION | ||
| 942 | _n0 | ||
| 948 | _c04/03/1997 | ||
| 999 |
_c14546 _d14546 |
||